| 000 | 00497cam a22001937a 4500 | ||
|---|---|---|---|
| 003 | KenMUT | ||
| 005 | 20250310160002.0 | ||
| 008 | 250310s2005 ke 000 | swa | ||
| 020 | _a9789914729504 | ||
| 040 | _cMUT | ||
| 050 | 0 | 0 |
_aPL 8704 _b.W4A7 2023 |
| 100 | 1 | _aArege, Timothy M. | |
| 245 | 1 | 0 | _aWema hauozi |
| 260 |
_aNairobi _bAccess Publishers _c2023 |
||
| 520 | _aA novel. | ||
| 546 | _aIn Swahili. | ||
| 650 | _a Swahili literature | ||
| 942 |
_2lcc _cSHORT LOAN _n0 |
||
| 999 |
_c22686 _d22686 |
||